[Event "Let's Play Chess!"]
[Site "http://www.queenalice.com/game.php?id=1867090"]
[Date "2025.12.16"]
[Round "-"]
[White "Sph4444"]
[Black "Ditto"]
[Result "1-0"]
[WhiteElo "1991"]
[BlackElo "1378"]

1. e4 e5 2. Nf3 Nc6 3. Bc4 Bb4 4. c3 Bc5 5. O-O d6 6. Ng5 Nh6 7. Qh5 O-O 8. b4
Bb6 9. a4 a6 10. a5 Ba7 11. d3 Qe7 12. h3 Qf6 13. Nf3 1-0

[Event "Stuttgart"]
[Site "http://www.queenalice.com/game.php?id=1867200"]
[Date "2025.12.18"]
[Round "-"]
[White "digger"]
[Black "Sph4444"]
[Result "0-1"]
[WhiteElo "1689"]
[BlackElo "1936"]

1. e4 e5 2. d3 Nf6 3. Nf3 Nc6 4. Nc3 Bc5 5. Qe2 O-O 6. a3 Ng4 7. Bd2 Bxf2+ 8.
Kd1 Bb6 9. Kc1 h6 10. Ne1 d6 11. h3 Nf6 12. Nd5 Nxd5 13. exd5 Nd4 14. Qh5 Nf5
15. c3 Ng3 16. Qf3 Nxh1 17. g4 Qh4 18. Qxh1 Be3 19. Ng2 Bxd2+ 20. Kxd2 Qf2+ 21.
Be2 f5 22. Rf1 Qb6 23. b4 g5 24. h4 f4 25. Ne1 Qe3+ 26. Kd1 Bd7 27. Bf3 Ba4+ 28.
Nc2 Qxd3+ 29. Ke1 Qxc3+ 30. Kf2 Qxc2+ 31. Kg1 Bb5 32. Rf2 Qc1+ 33. Kg2 Qxa3 34.
hxg5 hxg5 35. Qh6 Rf7 36. Qxg5+ Rg7 37. Qh6 Rf8 38. Qh1 Rh7 39. Qe1 c6 40. dxc6
Bxc6 41. Qb1 Qe3 42. Qa2+ d5 43. b5 e4 44. bxc6 bxc6 45. Bxe4 Qxe4+ 46. Rf3 Rf6
47. Qb2 Rfh6 48. Qb8+ Kg7 49. Qxf4 Qe2+ 50. Rf2 Rh2+ 51. Qxh2 Rxh2+ 52. Kxh2
Qxf2+ 53. Kh3 Qf6 54. Kg3 d4 55. Kh3 d3 56. Kg3 d2 57. Kh3 d1=Q 58. Kg3 Qdf3+
59. Kh2 Qh6+ 60. Kg1 Qhh1# 0-1

[Event "Essen"]
[Site "http://www.queenalice.com/game.php?id=1867201"]
[Date "2025.12.18"]
[Round "-"]
[White "Sph4444"]
[Black "digger"]
[Result "1-0"]
[WhiteElo "1908"]
[BlackElo "1688"]

1. e4 e5 2. Nf3 d6 3. Bc4 Qf6 4. O-O Be6 5. Bxe6 Qxe6 6. d3 h6 7. c4 Nc6 8. Qb3
b6 9. Qb5 Qd7 10. Nc3 Nce7 11. Qxd7+ Kxd7 12. b4 a6 13. a4 f6 14. b5 axb5 15.
cxb5 c6 16. Be3 c5 17. Ra2 g6 18. Rfa1 f5 19. a5 Bg7 20. axb6 Rb8 21. Ra7+ Kc8
22. Rc7+ Kd8 23. Ra6 Bf6 24. Rca7 Kc8 25. g3 Rh7 26. Na4 fxe4 27. dxe4 Rg7 28.
Rc7+ Kd8 29. Kf1 g5 30. Nd2 Ng6 31. Raa7 N8e7 32. Rd7+ Ke8 33. Nc4 Nf8 34. Nxd6#
1-0

[Event "Bismark"]
[Site "http://www.queenalice.com/game.php?id=1867507"]
[Date "2026.1.4"]
[Round "-"]
[White "harvir"]
[Black "Sph4444"]
[Result "1/2-1/2"]
[WhiteElo "1873"]
[BlackElo "2016"]

1. d4 d5 2. c4 dxc4 3. Nf3 b5 4. a4 c6 5. b3 Be6 6. axb5 cxb3 7. Nbd2 cxb5 8. e4
a6 9. Bxb5+ Bd7 10. Bc4 e6 11. Qxb3 1/2-1/2

[Event "Monaco"]
[Site "http://www.queenalice.com/game.php?id=1868394"]
[Date "2026.1.25"]
[Round "-"]
[White "alow_proton"]
[Black "Sph4444"]
[Result "0-1"]
[WhiteElo "2108"]
[BlackElo "1932"]

1. e4 e5 2. f4 exf4 3. Nf3 g5 4. h3 h6 5. e5 d6 6. Bc4 Be6 7. Bb5+ c6 8. Be2 f6
9. d4 dxe5 10. dxe5 Qxd1+ 11. Bxd1 Nd7 12. exf6 Ngxf6 13. Nbd2 Bc5 14. b3 O-O-O
15. Bb2 Rhe8 16. Kf1 Nd5 17. Bd4 Bxd4 18. Nxd4 a6 19. Kf2 N7f6 20. Nxe6 Rxe6 21.
Re1 Rxe1 22. Kxe1 Re8+ 23. Kf2 Ne4+ 24. Nxe4 Rxe4 25. Bf3 Re5 26. Re1 Rxe1 27.
Kxe1 Ne3 28. Kd2 Kc7 29. c4 b5 30. Kd3 Kb6 31. Kc3 bxc4 32. bxc4 Kc5 33. a3 Nxc4
34. Kb3 Nd2+ 35. Kc3 Nxf3 36. gxf3 Kd5 37. Kb4 c5+ 38. Ka5 c4 39. Kxa6 c3 40. a4
c2 0-1

[Event "Singapore"]
[Site "http://www.queenalice.com/game.php?id=1868395"]
[Date "2026.1.25"]
[Round "-"]
[White "Sph4444"]
[Black "alow_proton"]
[Result "1-0"]
[WhiteElo "1963"]
[BlackElo "2108"]

1. e4 c5 2. Bc4 Nc6 3. Nf3 d6 4. O-O Nf6 5. Ng5 e6 6. Nc3 Be7 7. d3 a6 8. a4 O-O
9. Nf3 Na5 10. Be3 Nxc4 11. dxc4 Nd7 12. b3 b6 13. h3 Bb7 14. Qe2 Bf6 15. Qd3
Ne5 16. Nxe5 dxe5 17. Rad1 Qc7 18. Qe2 Rad8 19. Rd3 Rd7 20. Rfd1 Rfd8 21. f3 Be7
22. Rxd7 Rxd7 23. Rxd7 Qxd7 24. g4 g6 25. Kg2 Qd6 26. Kg3 f5 27. Kh2 f4 28. Bd2
Bh4 29. Be1 Bxe1 30. Qxe1 Qd4 31. h4 h6 32. Kh3 Kf7 33. g5 Kg7 34. Kg4 h5+ 35.
Kh3 Kf7 36. Kg2 Ke7 37. Ne2 Qe3 38. Qd1 Bc6 39. Nc1 Qd4 40. Qxd4 cxd4 41. Nd3
Kd6 42. Nb4 Bb7 43. Nd3 Bc6 44. Kf2 Bb7 45. Ke2 Bc6 46. Kd2 b5 47. c5+ Kc7 48.
axb5 Bxb5 49. Nxe5 Be8 50. b4 Kb7 51. Kd3 Kc7 52. Kxd4 Kb7 53. c4 Kc7 54. b5 Kb7
55. bxa6+ Kxa6 56. c6 Kb6 57. c5+ Kc7 58. Nd3 Kxc6 59. Nxf4 Kd7 60. Ke5 Ke7 61.
Nxe6 Bf7 62. Nd4 Bc4 63. c6 Ba6 64. f4 Bc8 65. f5 1-0

[Event "Hannover"]
[Site "http://www.queenalice.com/game.php?id=1868436"]
[Date "2026.1.25"]
[Round "-"]
[White "digger"]
[Black "Sph4444"]
[Result "0-1"]
[WhiteElo "1628"]
[BlackElo "2006"]

1. d4 d5 2. Qd3 Nf6 3. c3 e6 4. Bf4 Bd6 5. Bd2 O-O 6. Bg5 h6 7. Bd2 a6 8. Nf3
Ne4 9. Be3 b6 10. g3 c5 11. Nbd2 c4 12. Qc2 Nxd2 13. Bxd2 b5 14. b3 a5 15. Bg2
a4 16. b4 Nc6 17. e4 f6 18. O-O Ne7 19. Nh4 Bb7 20. exd5 Bxd5 21. f3 f5 22. f4
Bxg2 23. Kxg2 Nd5 24. Rae1 Re8 25. Re2 Qf6 26. Rfe1 Re7 27. a3 g5 28. fxg5 hxg5
29. Nf3 f4 30. g4 Kf7 31. Qh7+ Qg7 32. Qxg7+ Kxg7 33. Rxe6 Rd8 34. Rxe7+ Bxe7
35. Ne5 Rd6 36. Nf3 Bf6 37. h3 Kg6 38. Re8 Ne7 39. Ne5+ Bxe5 40. Rxe7 Bf6 41.
Re4 Rd5 42. Kf3 Rd7 43. Be1 Rh7 44. Kg2 Bg7 45. d5 Bf6 46. Re6 Rb7 47. Kf3 Kf7
48. Ke4 Re7 49. Kf5 Rxe6 50. dxe6+ Ke7 51. Bf2 Bxc3 52. Bc5+ Ke8 53. Kxg5 Bd2
54. Kf5 c3 55. e7 c2 56. g5 c1=Q 57. g6 Bc3 58. h4 Bg7 59. h5 f3 0-1

[Event "Pacific Grove"]
[Site "http://www.queenalice.com/game.php?id=1869353"]
[Date "2026.2.16"]
[Round "-"]
[White "alow_proton"]
[Black "Sph4444"]
[Result "1/2-1/2"]
[WhiteElo "2091"]
[BlackElo "1995"]

1. e4 e5 2. f4 exf4 3. Nf3 g5 4. h3 h6 5. d4 d5 6. e5 c5 7. c3 c4 8. b3 b5 9.
bxc4 bxc4 10. Ba3 Bxa3 11. Nxa3 Qa5 12. Nb1 Bf5 13. Qd2 Ne7 14. Be2 O-O 15. O-O
Nbc6 16. Qc1 f6 17. Qa3 Qxa3 18. Nxa3 fxe5 19. dxe5 Ng6 20. Nb5 Ngxe5 21. Nfd4
Ne7 22. Nxf5 Rxf5 23. Rfd1 Rd8 24. Nxa7 Kg7 25. Nb5 Kg6 26. Nd4 Rf6 27. a4 N7c6
28. a5 Nxd4 29. Rxd4 Nc6 30. Rd2 Rfd6 31. a6 Na7 32. Rad1 Nb5 33. Rc2 d4 34.
Bxc4 d3 35. Rcc1 d2 36. Bxb5 dxc1=Q 37. Rxc1 Rd1+ 38. Rxd1 Rxd1+ 39. Kf2 Ra1 40.
c4 Kf6 41. Kf3 Ke5 42. Ke2 Kd4 43. Kf3 Ra3+ 44. Kf2 h5 45. Ke2 g4 46. hxg4 hxg4
47. Kf2 Ra2+ 48. Kf1 f3 49. gxf3 gxf3 50. Bc6 f2 51. a7 Rxa7 52. Kxf2 Kxc4 53.
Ke3 Re7+ 54. Kf4 Re6 55. Bb7 Kd4 56. Ba8 Rf6+ 57. Kg5 Ke5 58. Bb7 Rb6 59. Bc8
Rf6 1/2-1/2